000 00329nam a2200133Ia 4500
100 _aNatioanal Semi conductor
650 _aAutomobiles
942 _cRB
654 _aTelecommunications
245 _aTelecommunications databook
260 _bNational semiconductor corpn.
_aCalifornia
_c1987
546 _aENGLISH
999 _c31988
_d31988